000 00544nam a2200169Ia 4500
001 25323
005 20260414151142.0
008 260414t2016||||xx |||||||||||||| ||spa||
041 _aESP
082 _a346.46
_bP77
110 _aPontificia Universidad Católica del Perú
245 0 _aInvestigaciones conmemorativas por los 16 años de la maestría en derecho de la propiedad intelectual y de la competencia :
_btesis de alumnos y congreso internacional
260 _c2016
650 _aDER
654 _aCDE
942 _cLIB
_dJUS
_fJUS
_2ddc
_n
999 _c25323
_d25323